Law and Order: SVU Opening Monolouge - Statistics

General Stats
  • This quiz has been taken 872 times
  • The average score is 7 of 10
Answer Stats
Hint Answer % Correct
In the Criminal
91%
Justice System sexually
90%
These are their stories.
84%
especially heinous
79%
detectives who investigate
74%
are members of an elite
71%
squad known as The Special Victims Unit
71%
In New York City the dedicated
63%
based offenses are considered
61%
these vicious felonies
44%
No matching quizzes found
Score Distribution
Percent of People with Each Score
Percentile by Number Answered
Your Score History
You have not taken this quiz